|
|
|
|
| LEADER |
00000nab a2200000 a 4500 |
| 001 |
vtls009952444 |
| 003 |
SK-MaSNL |
| 005 |
20260318123629.0 |
| 008 |
090922c2009 xo wr p 000 c0ukr |
| 015 |
|
|
|a SNBRB2009/09
|
| 038 |
|
|
|a SVKPOCL
|
| 040 |
|
|
|a SVKPOCL
|b slo
|c SVKPOCL
|e AACR2
|
| 041 |
0 |
|
|a ukr
|
| 044 |
|
|
|a xo
|c SK
|
| 080 |
|
|
|a 72/76
|x (477):061.4
|2 2001
|
| 080 |
|
|
|a 061.4
|2 2001
|
| 245 |
0 |
0 |
|a Vystavka ukrajins'koho chudožnyka v Bardijevi
|c [avtor] MG
|
| 300 |
|
|
|b Fotogr.
|
| 600 |
1 |
7 |
|a Kuz'ma, Borys,
|d 1958-
|x výstavy
|z 2009
|2 svkpocl
|9 1315077
|
| 648 |
|
7 |
|a marec 2009
|2 svkpocl
|9 1054500
|
| 650 |
0 |
7 |
|a výtvarné umenie
|2 svkpocl
|9 723
|
| 650 |
0 |
7 |
|a výstavy
|2 svkpocl
|9 2780
|
| 650 |
0 |
7 |
|a osobnosti
|2 SNKPH
|9 29820
|
| 651 |
|
7 |
|a Užhorod (Ukrajina)
|2 snkbucl
|9 26707
|
| 651 |
|
7 |
|a Bardejov (Slovensko)
|2 svkpocl
|9 20040
|
| 773 |
0 |
|
|t Nove žyttja
|g Roč. 59, č. 13-14 (2009), s. 3
|
| 852 |
|
|
|a SVKPO
|b KIS3GCP
|
| 958 |
|
|
|a UK
|
| 958 |
|
|
|a SK
|
| 958 |
|
|
|a UA
|
| 999 |
|
|
|c 2647897
|d 2649827
|